Vstup Slovenska do EÚ optikou podnikateľov

Prieskum Eurobarometra sumarizuje výhody a nevýhody vstupu SR do EÚ z aspektu pripravenosti našich firiem a podnikateľov. Odvetvové a regionálne rozdiely v pripravenosti podnikov, firiem a malých podnikateľov.

Gespeichert in:
Bibliographische Detailangaben
1. Verfasser: Petrík, Borislav
Format: Buchkapitel
Sprache:Slowakisch
Schlagworte:
Tags: Tag hinzufügen
Keine Tags, Fügen Sie das erste Tag hinzu!

MARC

LEADER 00000naa a2200000 4500
001 r047597
005 20230925123156.7
041 0 |a slo 
044 |a SK 
245 1 0 |a Vstup Slovenska do EÚ optikou podnikateľov  |c Borislav Petrík 
520 |a Prieskum Eurobarometra sumarizuje výhody a nevýhody vstupu SR do EÚ z aspektu pripravenosti našich firiem a podnikateľov. Odvetvové a regionálne rozdiely v pripravenosti podnikov, firiem a malých podnikateľov. 
610 2 0 |a integrácia ekonomická medzinárodná 
610 2 0 |a prieskum informačný 
610 2 0 |a podnik 
610 2 0 |a firmy 
610 2 0 |a podnikatelia 
610 2 0 |a odvetvia činnosti ekonomickej 
610 2 0 |a regióny 
610 2 0 |a Slovensko 
610 2 0 |a Európska únia 
100 1 |a Petrík, Borislav